Statistics for Best Wide receivers 2023

Click here to take the quiz!

General Stats

  • This quiz has been taken 71 times
  • The average score is 10 of 15

Answer Stats

HintAnswer% Correct
18Justin Jefferson
96%
1Ja'Marr Chase
87%
88CeeDee Lamb
83%
10Tyreek Hill
83%
11A.J Brown
76%
14Amon ra st.brown
76%
14Stefon Diggs
76%
10Cooper Kupp
72%
17Davante Adams
72%
17Jaylen Waddle
61%
13Keenan Allen
52%
2D.J Moore
41%
17Garrett Wilson
37%
11Brandon Aiyuk
35%
17Puka Nacua
26%

Score Distribution

Percentile by Number Answered

Percent of People with Each Score

Your Score History

You have not taken this quiz